Получение нанодисперсных кристаллических соединений титана при многократной и частотной работе коаксиального магнитоплазменного ускорителя; Нанотехника; № 22
| Parent link: | Нанотехника: инженерный журнал.— , 2004- № 22.— 2010.— [С. 66-71] |
|---|---|
| Autore principale: | |
| Altri autori: | , |
| Riassunto: | Заглавие с экрана В работе показано, что система на основе коаксиального магнитоплазменного ускорителя обеспечивает динамический синтез нанодисперсных кристаллических фаз на основе титана, таких как c-TiN и TiО2, при многократном использовании титанового ствола как расходного материала. Эффективность наработки материала с поверхности ускорительного канала титанового ствола увеличивается при циклической работе ускорителя с длительностью безтоковой паузы менее 1,0 сек. In work it is shown, that the system on the basis of coaxial magnetoplasma accelerator provides dynamic synthesis of nanodispersed crystal phases on the basis of the titan, such as c-TiN and T1O2, at multiple use of a titanic barrel as consumable material. The quantity of a material synthesized from a surface of the accelerating channel of a titanic barrel increases at cyclic work of the accelerator with duration spacing interval less than 1,0 seconds Режим доступа: по договору с организацией-держателем ресурса |
| Lingua: | russo |
| Pubblicazione: |
2010
|
| Soggetti: | |
| Accesso online: | http://elibrary.ru/item.asp?id=15263720 |
| Natura: | Elettronico Capitolo di libro |
| KOHA link: | https://koha.lib.tpu.ru/cgi-bin/koha/opac-detail.pl?biblionumber=637026 |
MARC
| LEADER | 00000naa0a2200000 4500 | ||
|---|---|---|---|
| 001 | 637026 | ||
| 005 | 20250609165624.0 | ||
| 035 | |a (RuTPU)RU\TPU\network\1094 | ||
| 090 | |a 637026 | ||
| 100 | |a 20140428d2010 k||y0rusy50 ca | ||
| 101 | 0 | |a rus | |
| 102 | |a RU | ||
| 135 | |a drnn ---uucaa | ||
| 181 | 0 | |a i | |
| 182 | 0 | |a b | |
| 200 | 1 | |a Получение нанодисперсных кристаллических соединений титана при многократной и частотной работе коаксиального магнитоплазменного ускорителя |f А. А. Сивков, А. С. Сайгаш, А. А. Евдокимов | |
| 203 | |a Текст |c электронный | ||
| 300 | |a Заглавие с экрана | ||
| 330 | |a В работе показано, что система на основе коаксиального магнитоплазменного ускорителя обеспечивает динамический синтез нанодисперсных кристаллических фаз на основе титана, таких как c-TiN и TiО2, при многократном использовании титанового ствола как расходного материала. Эффективность наработки материала с поверхности ускорительного канала титанового ствола увеличивается при циклической работе ускорителя с длительностью безтоковой паузы менее 1,0 сек. | ||
| 330 | |a In work it is shown, that the system on the basis of coaxial magnetoplasma accelerator provides dynamic synthesis of nanodispersed crystal phases on the basis of the titan, such as c-TiN and T1O2, at multiple use of a titanic barrel as consumable material. The quantity of a material synthesized from a surface of the accelerating channel of a titanic barrel increases at cyclic work of the accelerator with duration spacing interval less than 1,0 seconds | ||
| 333 | |a Режим доступа: по договору с организацией-держателем ресурса | ||
| 461 | |t Нанотехника |o инженерный журнал |d 2004- | ||
| 463 | |t № 22 |v [С. 66-71] |d 2010 | ||
| 610 | 1 | |a электронный ресурс | |
| 610 | 1 | |a труды учёных ТПУ | |
| 610 | 1 | |a нанодисперсные вещества | |
| 610 | 1 | |a титан | |
| 610 | 1 | |a магнитоплазменный ускоритель | |
| 700 | 1 | |a Сивков |b А. А. |c специалист в области электроэнергетики |c профессор Томского политехнического университета, доктор технических наук |f 1951- |g Александр Анатольевич |3 (RuTPU)RU\TPU\pers\26846 |9 12465 | |
| 701 | 1 | |a Сайгаш |b А. С. |c специалист в области электроэнергетики |c доцент Томского политехнического университета, кандидат технических наук |f 1981- |g Анастасия Сергеевна |3 (RuTPU)RU\TPU\pers\27720 |9 12794 | |
| 701 | 1 | |a Евдокимов |b А. А. |c специалист в области электроэнергетики |c лаборант Томского политехнического университета |f 1987- |g Андрей Анатольевич |3 (RuTPU)RU\TPU\pers\27065 | |
| 801 | 2 | |a RU |b 63413507 |c 20140428 |g RCR | |
| 850 | |a 63413507 | ||
| 856 | 4 | |u http://elibrary.ru/item.asp?id=15263720 | |
| 942 | |c CF | ||